| 000 | 00877cas a2200241 4500 | ||
|---|---|---|---|
| 999 |
_c17207 _d17207 |
||
| 005 | 20181024104734.0 | ||
| 008 | 751012c19549999bl qr p 0 a0por d | ||
| 022 | _a0085-5626 | ||
| 040 |
_aMUL _cMUL _dCOO _dHUL _dAIP _dDLC _dNST _dAGL _dEYM _dOCL _dOCLCQ _dEYM _dCGU _dAGL _dOCLCQ _dHEBIS _dGBVCP _dUKMGB _dOCLCQ _dOCLCF _dOCLCO _dOCLCA _dCO-BoIAVH |
||
| 041 | 0 |
_apor _aeng _beng |
|
| 044 | _abl | ||
| 090 | _aSE | ||
| 245 | 0 | 0 | _aRevista brasileira de entomologia |
| 260 |
_aSao Paulo (Brasil) , _bSociedade Brasileira de Entomologia, _c1954-. |
||
| 300 |
_bilustraciones ; _c24 cm. |
||
| 310 |
_b<2003>- _aq |
||
| 650 | 2 | 6 |
_aInsecta _zBrasil _vPublicaciones periódicas |
| 650 | 2 | 6 |
_aEntomología _zBrasil _vPublicaciones periódicas |
| 650 | 2 | 4 | _aInsectos |
| 710 | 2 | _aSociedade Brasileira de Entomologia | |
| 942 |
_2z _cREVISTA _s1 |
||